000 00451nam a22001577a 4500
999 _c17673
_d17673
003 OSt
005 20221129140545.0
008 221129b ||||| |||| 00| 0 eng d
040 _c0
100 _aMallari, Delfin Jr.
_946922
245 _aJoma: Don't blame reds for Ph underdevelopment /
260 _aPhilippines;
_bPhilippine Daily Inquirer,
_cJanuary 27, 2020.
300 _apage A9.
650 _aPolitical Corruption.
_946923
942 _2ddc
_cPER